Statistics for Name Every Bee Swarm Bee

Click here to take the quiz!

General Stats

  • This quiz has been taken 109 times
    (29 since last reset)
  • The average score is 37 of 46

Answer Stats

Answer% Correct
Basic Bee
100%
Brave Bee
92%
Buoyant Bee
92%
Commander Bee
92%
Digital Bee
92%
Fuzzy Bee
92%
Looker Bee
92%
Precise Bee
92%
Spicy Bee
92%
Tadpole Bee
92%
Vector Bee
92%
Baby Bee
85%
Bucko Bee
85%
Carpenter Bee
85%
Cobalt Bee
85%
Crimson Bee
85%
Windy Bee
85%
Festive Bee
85%
Music Bee
85%
Puppy Bee
85%
Rad Bee
85%
Riley Bee
85%
Vicious Bee
85%
Demon Bee
77%
Gummy Bee
77%
Hasty Bee
77%
Lion Bee
77%
Photon Bee
77%
Rage Bee
77%
Rascal Bee
77%
Shy Bee
77%
Stubborn Bee
77%
Tabby Bee
77%
Bear Bee
69%
Bomber Bee
69%
Bubble Bee
69%
Bumble Bee
69%
Cool Bee
69%
Diamond Bee
69%
Fire Bee
69%
Frosty Bee
69%
Honey Bee
69%
Ninja Bee
69%
Demo Bee
62%
Exhausted Bee
62%
Shocked Bee
62%

Score Distribution

Percentile by Number Answered

Percent of People with Each Score

Your Score History

You have not taken this quiz since the last reset